000 00701cam a2200217 4500
001 WB3632-22
008 000000n2000 000 0 eng u
035 _a(Sirsi) u107773
245 _aAmerican icons cash in on property boom
260 _c2000
490 _aSunday Times
_v13 August 2000, 3.4(2)
520 _aAs some of New York's landmark buildings are rushed onto the market, some analysts suggest that the American property boom is about to end.
590 _aWB
650 _aPROPERTY MARKET
650 _aPROPERTY-COMMERCIAL PROPERTY
650 _aRESIDENTIAL PROPERTY
_96266
650 _aPROPERTY PRICES
650 _aNEW YORK
690 _aINTERNATIONAL-AMERICAS
942 _n0
999 _c64375
_d64375